| 000 | 00438nam a22001817a 4500 | ||
|---|---|---|---|
| 005 | 20260514122256.0 | ||
| 010 | _aENG-148461 | ||
| 020 |
_a9788190569958 _c300.00 |
||
| 035 | _aEN-131993 | ||
| 037 | _bDBAD | ||
| 082 | _aS | ||
| 245 | _aBetaal Pachchisi | ||
| 250 | _a1 | ||
| 260 |
_aNoida, U.P. _bNoida Book Publishing _c2011 |
||
| 270 |
_aB-114, Sector-55 _bNoida, U.P. |
||
| 300 |
_a200p.: _c22cm(Hb) |
||
| 942 |
_2ddc _cEN _mBET _hS |
||
| 999 |
_c216192 _d216192 |
||